| 000 | 00562nam a22001817a 4500 | ||
|---|---|---|---|
| 003 | OSt | ||
| 005 | 20180116183047.0 | ||
| 008 | 160722b xxu||||| |||| 00| 0 eng d | ||
| 020 | _a9781578512362 | ||
| 040 | _c0 | ||
| 082 | _a658.4'05 SHI 2000 | ||
| 100 | _aHarvard Business Review | ||
| 245 |
_aHarvard Business Review on Negotiation and Conflict Resolution _cHarvard Business Review |
||
| 260 |
_aUSA _bHarvard business School _c2000 |
||
| 300 |
_a228 p. _bPB |
||
| 440 | _aHarvard Business Review on Negotiation and Conflict Resolution | ||
| 942 |
_2ddc _cBK |
||
| 999 |
_c351485 _d351485 |
||